000 02514cam a22002294a 4500
005 20250605163947.0
008 250528s ||||||||||||||||||||||||d
035 _a15253
020 _a30534186
040 _aGR-AtMCL
_bgre
_dGR-AtMCL
_eAACR2
245 1 _aManagerial Finance / With Tax Update: Eighth Edition
250 _a8th
260 _bThe Dryden Press,
_c1989
300 _a1036
505 0 _aFundamental Concepts of Managerial Finance, The Finance Function, Financial Statements, The Financial Environment, The Tax Environment, The Time Dimension in Financial Decisions, The Time Value of Money, Capital Budgeting Techniques, How the Market Determines Discount Rates, Financial Analysis and Planning and Control, Financial Ratio Analysis, Financial Planning and Control, Financial Forecasting, Working Capital Management, Working Capital Policy, Cash and Marketable Securities Management, Inventory Management, Credit Management and Policy, Short-Term Financing, Decision Making Under Uncertainty, Risk and Return: Theory and Evidence and Applications, Options on Risky Assets, Cost of Capital and Valuation, Financial Structure and the Cost of Capital, Capital Structure and the Cost of Capital, Valuation, The Treasurer's Point of View: Policy Decisions, Common Stock Financing, Lease Financing, Warrants and Convertibles, Integrated Topics in Managerial Finance, Index.
520 _aFundamental Concepts of Managerial Finance, The Finance Function, Financial Statements, The Financial Environment, The Tax Environment, The Time Dimension in Financial Decisions, The Time Value of Money, Capital Budgeting Techniques, How the Market Determines Discount Rates, Financial Analysis and Planning and Control, Financial Ratio Analysis, Financial Planning and Control, Financial Forecasting, Working Capital Management, Working Capital Policy, Cash and Marketable Securities Management, Inventory Management, Credit Management and Policy, Short-Term Financing, Decision Making Under Uncertainty, Risk and Return: Theory and Evidence and Applications, Options on Risky Assets, Cost of Capital and Valuation, Financial Structure and the Cost of Capital, Capital Structure and the Cost of Capital, Valuation, The Treasurer's Point of View: Policy Decisions, Common Stock Financing, Lease Financing, Warrants and Convertibles, Integrated Topics in Managerial Finance, Index.
700 1 _aCopeland Thomas E
_91095
700 1 _aFred Weston J
_91096
942 _cBK
999 _c846
_d846